000
00330nam a2200145Ia 4500
008
230718s9999 xx 000 0 und d
041
_a
Eng.
082
_a
347.06
_b
SAR-L
100
_a
Sarvathi, Vepa P.
245
0
_a
law of Evidence
260
_a
Pakistan
_b
Eastern book
_c
2008
300
_a
396
650
_a
Law
999
_c
29720
_d
29720